| 000 | 01185nam a2200277 i 4500 | ||
|---|---|---|---|
| 001 | bg | ||
| 100 | 1 |
_aHOPFER, Andrzej _d(1933- ) |
|
| 245 | 1 | 0 |
_aSystem oceny programowania trwałego rozwoju regionu woj. warmińsko-mazurskiego : _bopracowany na podstawie wskaźników byłego woj. olsztyńskiego / _cAndrzej Hopfer, Ewa Piekarska, Jerzy Suchta. |
| 260 |
_aOlsztyn : _bWydaw. UWM, _c2001. |
||
| 300 |
_a40 s. ; _c24 cm. |
||
| 490 | 1 |
_aRozprawy i Monografie / Uniwersytet Warmińsko-Mazurski w Olsztynie = _aDissertations and Monographs / University of Warmia and Mazury in Olsztyn, _x1509-3018 ; _v41 |
|
| 500 | _aStreszcz. ang. | ||
| 504 | _aBibliogr. | ||
| 651 | 9 |
_aOlsztyn (woj. warmińsko-mazurskie ; okręg) _xgospodarka _xprognozy |
|
| 700 | 1 | _aPIEKARSKA, Ewa | |
| 700 | 1 | _aSUCHTA, Jerzy | |
| 830 | 0 |
_aRozprawy i Monografie (Uniwersytet Warmińsko-Mazurski w Olsztynie) ; _v41 |
|
| 020 | _a837299062X | ||
| 040 | _cBPK | ||
| 041 | 0 |
_apl _ben |
|
| 080 | _a332.14(438) | ||
| 920 | _a83-7299-062-X | ||
| 942 | _cKS | ||
| 008 | s pl f |000 0 pol | ||
| 999 |
_c41511 _d41511 |
||
| 856 |
_uhttp://koha.tu.koszalin.pl/cgi-bin/koha/opac-detail.pl?biblionumber=41511 _yKatalog online BPK |
||